| 000 | 00800nam a22002417a 4500 | ||
|---|---|---|---|
| 005 | 20250807155944.0 | ||
| 010 | _aENG-146390 | ||
| 020 |
_a9789395659949 _c350.00 |
||
| 035 | _aEN-129922 | ||
| 037 | _bDBAD | ||
| 082 |
_a570 _21 |
||
| 100 |
_aJoice, A. Anitha _983945 |
||
| 245 |
_aAI in Biotechnology: _bTransforming Life Science/ _cA. Anitha Joice...[et.al] |
||
| 250 | _a1 | ||
| 260 |
_aBangalore _bBeyondline Publishers _c2025 |
||
| 270 |
_a513 Ground Floor, Arkavathi Layout, 19th Block, Chelikere, Kalyan Nagar _bBangalore _e560043 |
||
| 300 |
_a178p. _c25cm(pb) |
||
| 700 |
_aK. Priya _eAuthor _983946 |
||
| 700 |
_aU. Boominathan _eAuthor _983947 |
||
| 700 |
_aA.T. Aji Jovitha _eAuthor _983948 |
||
| 700 |
_aManimannan G. _eAuthor _983949 |
||
| 942 |
_2ddc _cEN _h570 _mJOI |
||
| 999 |
_c212938 _d212938 |
||